000 00570cam a22002291 4500
001 7462583
005 20180117035906.0
008 711124s1956 njua 000 0 eng
010 _a 56005869
015 _aGB56-6739
035 _a(OCoLC)175156
040 _aDLC
_cODaWU
_dOCoLC
_dNcRS
_dTxU
_dUk
_dDLC
041 _aeng
042 _apremarc
080 _a370.973 HAN
082 _a370.973 HAN
100 1 _a46
101 _aEDU
245 1 0 _aPublic education in American society.
906 _a7
_bcbc
_coclcrpl
_du
_encip
_f19
_gy-gencatlg
942 _2ddc
_cBK
999 _c40412
_d40412